00800 a2200205 4500003000500000005001700005020001500022040000900037082001400046100002100060245008500081260003500166300001300201505016900214650002400383651002300407942002300430999001900453952012200472Nust20220729130953.0 a8120315464 cNust a004.6,RAY aRay, John995791 aUsing TCP/IP :bThe One Source Comprehensive Solutions (Include CD) /cJohan Ray aNew delhibPrentice Hallc1999 a797 p .: aPart- I:TCP/IP and Networking (Page-7), Part-II: TCP/IP Protocols (Page-103), Part-III: TCP/IP Services (Page-167), Part -IV:Connecting to the Internet (Page-289). aUsing TCP/IP995792 a(Include CD)98953 2ddccBKk004.6,RAY c176408d176408 00102ddc4070aMCSbMCScGENd2016-12-12o004.6,RAYpMCS28277r2016-12-08w2016-12-12yBKzAlmirah No.8, Shelf No.2